Shortest Words - H - Statistics

General Stats
  • This quiz has been taken 56 times
  • The average score is 49 of 56
Answer Stats
Answer % Correct
ha
100%
he
100%
hi
100%
ho
100%
has
98%
hat
98%
her
98%
his
98%
had
96%
him
96%
hop
96%
ham
94%
how
94%
hay
92%
hen
92%
hit
92%
hot
92%
hae
90%
hag
90%
hap
90%
haw
90%
hes
90%
hey
90%
hid
90%
hip
90%
hub
90%
hup
90%
hut
90%
hep
88%
hew
88%
hin
88%
hue
88%
hah
86%
het
86%
hm
86%
hod
86%
hoe
86%
hog
86%
hon
86%
hug
86%
hum
86%
hun
86%
hao
84%
heh
84%
hem
84%
hic
84%
hie
84%
hob
84%
hom
84%
haj
82%
hex
82%
hoo
82%
hoy
82%
huh
82%
hmm
50%
hyp
48%
No matching quizzes found
Score Distribution
Percent of People with Each Score
Percentile by Number Answered
Your Score History
You have not taken this quiz